| 000 | 00957nam a22002177a 4500 | ||
|---|---|---|---|
| 005 | 20150608122858.0 | ||
| 010 | _aENG-112795-796 | ||
| 020 |
_a9788184249521 (set of 2 vols.) _c2700.00 (set price) |
||
| 035 | _aEN-96327-328 | ||
| 037 | _bDBAD/PUB | ||
| 082 | _a551.480954 | ||
| 245 |
_aProceedings of 4th international conference on hydrology and watershed management (ICHWAM-2014) : _cedited by K.Ramamohan Reddy, B.Venkateswara Rao [and] C.Sarala _bwith a focal theme on ecosystem resilience - rural and urban water requirements (29th october - 1st november,2014) / |
||
| 260 |
_aNew Delhi _bAllied Publishers _c2014 |
||
| 270 |
_aA-104 Mayapuri Phase-II, _bNew Delhi _e110064 |
||
| 300 |
_a2V.(xix,680p.; xviii,681-1265p.) _c26cm(Hb) |
||
| 500 | _aIncludes bibliographical references and index | ||
| 700 | _aReddy, K.Ramamohan | ||
| 700 | _aRao, B.Venkateswara | ||
| 700 | _aSarala, C. | ||
| 942 |
_2ddc _cEN _mPRO _h551.480954 |
||
| 999 |
_c93184 _d93184 |
||